header

Paediatric and adolescent gynaecology for the MRCOG and beyond (Record no. 222592)

MARC details
000 -LEADER
fixed length control field 01344nam a2200349 a 4500
245 00 - TITLE STATEMENT
Title Paediatric and adolescent gynaecology for the MRCOG and beyond
250 ## - EDITION STATEMENT
Edition statement 2nd ed.
260 ## - PUBLICATION, DISTRIBUTION, ETC. (IMPRINT)
Place of publication London :
Name of publisher RCOG Press,
Year of publication 2008.
300 ## - PHYSICAL DESCRIPTION
Number of Pages ix, 116 p. :
Other physical details ill. (some col.).
490 1# - SERIES STATEMENT
Series statement MRCOG and beyond series
650 #0 - SUBJECT ADDED ENTRY--TOPICAL TERM
Topical Term Pediatric gynecology.
Topical Term Adolescent gynecology.
700 1# - ADDED ENTRY--PERSONAL NAME
Personal name Garden, Anne.
Personal name Hernon, Mary.
Personal name Topping, Joanne.
856 40 - ELECTRONIC LOCATION AND ACCESS
Uniform Resource Identifier http://site.ebrary.com/lib/rucke/Doc?id=10511561

No items available.

© 2026 Rongo University
Contact us: librarian | system librarian | Rongo university